<?xml version="1.0" encoding="UTF-8"?>
<record
    xmlns:xsi="http://www.w3.org/2001/XMLSchema-instance"
    xsi:schemaLocation="http://www.loc.gov/MARC21/slim http://www.loc.gov/standards/marcxml/schema/MARC21slim.xsd"
    xmlns="http://www.loc.gov/MARC21/slim">

  <leader>01391cam a22002531i 4500</leader>
  <datafield tag="952" ind1=" " ind2=" ">
    <subfield code="0">0</subfield>
    <subfield code="1">0</subfield>
    <subfield code="2">ddc</subfield>
    <subfield code="4">1</subfield>
    <subfield code="7">0</subfield>
    <subfield code="8">NFIC</subfield>
    <subfield code="a">ASL</subfield>
    <subfield code="b">ASL</subfield>
    <subfield code="c">GEN</subfield>
    <subfield code="d">2021-03-10</subfield>
    <subfield code="e">C-1</subfield>
    <subfield code="l">0</subfield>
    <subfield code="o">928 TAH</subfield>
    <subfield code="p">107359</subfield>
    <subfield code="r">2021-03-10 00:00:00</subfield>
    <subfield code="t">C-1</subfield>
    <subfield code="w">2021-03-10</subfield>
    <subfield code="y">BK</subfield>
    <subfield code="z">RARE</subfield>
  </datafield>
  <datafield tag="999" ind1=" " ind2=" ">
    <subfield code="c">22997</subfield>
    <subfield code="d">22997</subfield>
  </datafield>
  <controlfield tag="001">4593507</controlfield>
  <controlfield tag="003">BDDh-ASL</controlfield>
  <controlfield tag="005">20231015030201.0</controlfield>
  <controlfield tag="008">800115s1964    it       b    001 0 ita  </controlfield>
  <datafield tag="010" ind1=" " ind2=" ">
    <subfield code="a">   75573182 </subfield>
  </datafield>
  <datafield tag="040" ind1=" " ind2=" ">
    <subfield code="a">DLC</subfield>
    <subfield code="c">DLC</subfield>
    <subfield code="d">CU</subfield>
    <subfield code="d">BDDh-ASL</subfield>
  </datafield>
  <datafield tag="050" ind1="0" ind2="0">
    <subfield code="a">PJ7864.A356</subfield>
    <subfield code="b">Z9</subfield>
  </datafield>
  <datafield tag="082" ind1=" " ind2=" ">
    <subfield code="a">928</subfield>
    <subfield code="b">TAH </subfield>
  </datafield>
  <datafield tag="245" ind1="0" ind2="0">
    <subfield code="a">&#x1E6C;&#x101;h&#x101; &#x1E24;usein :</subfield>
    <subfield code="b">[omaggio degli arabisti italiani a &#x1E6C;&#x101;h&#x101; &#x1E24;usein in occasione del settantacinquesimo compleanno].</subfield>
  </datafield>
  <datafield tag="260" ind1=" " ind2=" ">
    <subfield code="a">Napoli :</subfield>
    <subfield code="b">Istituto universitario orientale,</subfield>
    <subfield code="c">1964.</subfield>
  </datafield>
  <datafield tag="300" ind1=" " ind2=" ">
    <subfield code="a">xvi, 310 p. ;</subfield>
    <subfield code="c">25 cm.</subfield>
  </datafield>
  <datafield tag="504" ind1=" " ind2=" ">
    <subfield code="a">Includes bibliographical references and index.</subfield>
  </datafield>
  <datafield tag="505" ind1="0" ind2=" ">
    <subfield code="a">Rizzitano, U. &#x1E6C;&#x101;h&#x101; &#x1E24;usein, nota bio-bibliografica.--Levi della Vida, G. L'opera storica di &#x1E6C;&#x101;h&#x101; &#x1E24;usein.--Gabrieli, F. &#x1E6C;&#x101;h&#x101; &#x1E24;usein critico.--Rizzitano, U. &#x1E6C;&#x101;h&#x101; &#x1E24;usein narratore.--Nallino, M. &#x1E6C;&#x101;h&#x101; &#x1E24;usein e l'Italia.--Moreno, M. M. &#x1E6C;&#x101;h&#x101; &#x1E24;usein e l'Islam.--Minganti, P. &#x1E6C;&#x101;h&#x101; &#x1E24;usein e l'insegnamento in el-Azhar.--Veccia Vaglieri, L. e Rubinacci, R. al-Qa&#x1E63;r al-mas&#x1E25;&#xFC;r.--Sarnelli Cerqua, C. Ad&#x12B;b.--Belfiore, G. &#x160;a&#x1E7;arat al-bu's.--Scelta antologica.</subfield>
  </datafield>
  <datafield tag="600" ind1="1" ind2="0">
    <subfield code="a">&#x1E24;usayn, &#x1E6C;&#x101;h&#x101;,</subfield>
    <subfield code="d">1889-1973</subfield>
    <subfield code="x">Criticism and interpretation.</subfield>
  </datafield>
  <datafield tag="700" ind1="1" ind2=" ">
    <subfield code="a">&#x1E24;usayn, &#x1E6C;&#x101;h&#x101;,</subfield>
    <subfield code="d">1889-1973.</subfield>
  </datafield>
  <datafield tag="710" ind1="2" ind2=" ">
    <subfield code="a">Istituto universitario orientale (Naples, Italy)</subfield>
  </datafield>
  <datafield tag="906" ind1=" " ind2=" ">
    <subfield code="a">7</subfield>
    <subfield code="b">cbc</subfield>
    <subfield code="c">orignew</subfield>
    <subfield code="d">u</subfield>
    <subfield code="e">ncip</subfield>
    <subfield code="f">19</subfield>
    <subfield code="g">y-gencatlg</subfield>
  </datafield>
  <datafield tag="942" ind1=" " ind2=" ">
    <subfield code="2">ddc</subfield>
    <subfield code="c">BK</subfield>
  </datafield>
</record>
